<?xml version="1.0" encoding="UTF-8"?><?xml-stylesheet type="text/xsl" href="static/style.xsl"?><OAI-PMH xmlns="http://www.openarchives.org/OAI/2.0/" xmlns:xsi="http://www.w3.org/2001/XMLSchema-instance" xsi:schemaLocation="http://www.openarchives.org/OAI/2.0/ http://www.openarchives.org/OAI/2.0/OAI-PMH.xsd"><responseDate>2026-07-01T17:04:53Z</responseDate><request verb="GetRecord" identifier="oai:riubu.ubu.es:10259/5420" metadataPrefix="marc">https://riubu.ubu.es/oai/request</request><GetRecord><record><header><identifier>oai:riubu.ubu.es:10259/5420</identifier><datestamp>2021-11-02T12:30:28Z</datestamp><setSpec>com_10259_2699</setSpec><setSpec>col_10259_2707</setSpec></header><metadata><record xmlns="http://www.loc.gov/MARC21/slim" xmlns:doc="http://www.lyncode.com/xoai" xmlns:xsi="http://www.w3.org/2001/XMLSchema-instance" xmlns:dcterms="http://purl.org/dc/terms/" xsi:schemaLocation="http://www.loc.gov/MARC21/slim http://www.loc.gov/standards/marcxml/schema/MARC21slim.xsd">
<leader>00925njm 22002777a 4500</leader>
<datafield tag="042" ind1=" " ind2=" ">
<subfield code="a">dc</subfield>
</datafield>
<datafield tag="720" ind1=" " ind2=" ">
<subfield code="a">Garabito López, Daniel</subfield>
<subfield code="e">author</subfield>
</datafield>
<datafield tag="260" ind1=" " ind2=" ">
<subfield code="c">2017</subfield>
</datafield>
<datafield tag="520" ind1=" " ind2=" ">
<subfield code="a">Los materiales de construcción tienden a ser colonizados por vegetación y /o bio-films a lo largo de su vida útil. Este fenómeno ha sido considerado una patología de las edificaciones.&#xd;
La probabilidad de un material de ser bio-colonizado está determinada por su bio-receptividad, entendida como la totalidad de las propiedades de dicho material que contribuyen al establecimiento, anclaje y desarrollo de fauna y/o flora.&#xd;
Potenciar en condiciones controladas esta característica abre la vía para disponer vegetación sobre las fachadas con bajos o nulos costes de mantenimiento.&#xd;
Esta tesis doctoral recoge un diseño de “piel” de fachada bio-receptiva. Se trata de un sistema constructivo consistente en dos componentes: una capa de mortero bio-receptivo sobre la que se ha cultivado una especie tapizante de musgo.&#xd;
La tesis contempla el desarrollo de dicho sistema constructivo, desde su base teórica a su materialización mediante la fabricación de muestras prototipo para evaluar su viabilidad técnica.</subfield>
</datafield>
<datafield tag="024" ind2=" " ind1="8">
<subfield code="a">http://hdl.handle.net/10259/5420</subfield>
</datafield>
<datafield tag="024" ind2=" " ind1="8">
<subfield code="a">10.36443/10259/5420</subfield>
</datafield>
<datafield ind1=" " ind2=" " tag="653">
<subfield code="a">sostenibilidad</subfield>
</datafield>
<datafield ind1=" " ind2=" " tag="653">
<subfield code="a">arquitectura</subfield>
</datafield>
<datafield ind1=" " ind2=" " tag="653">
<subfield code="a">bio-receptividad</subfield>
</datafield>
<datafield ind1=" " ind2=" " tag="653">
<subfield code="a">briófitos</subfield>
</datafield>
<datafield ind1=" " ind2=" " tag="653">
<subfield code="a">cemento de fosfato magnesio (MPC)</subfield>
</datafield>
<datafield ind1=" " ind2=" " tag="653">
<subfield code="a">sustainability</subfield>
</datafield>
<datafield ind1=" " ind2=" " tag="653">
<subfield code="a">architecture</subfield>
</datafield>
<datafield ind1=" " ind2=" " tag="653">
<subfield code="a">bio-receptivity</subfield>
</datafield>
<datafield ind1=" " ind2=" " tag="653">
<subfield code="a">bryophyte</subfield>
</datafield>
<datafield ind1=" " ind2=" " tag="653">
<subfield code="a">magnesium phosphate cement (MPC)</subfield>
</datafield>
<datafield tag="245" ind1="0" ind2="0">
<subfield code="a">Diseño de una piel arquitectónica de fachada bio-receptiva: mortero aligerado colonizado por un briófito tapizante</subfield>
</datafield>
</record></metadata></record></GetRecord></OAI-PMH>